NFL Players With 250+ Rushing Yards in a Game - Statistics

General Stats
  • This quiz has been taken 32 times
  • The average score is 9 of 16
Answer Stats
Hint Answer % Correct
MIN - 296 Adrian Peterson
90%
TEN - 250 Derrick Henry
80%
CHI - 275 Walter Payton
80%
IND - 253 Jonathan Taylor
77%
PHI - 255 Saquon Barkley
73%
BUF - 273 OJ Simpson
63%
BUF - 250 OJ Simpson
63%
BAL - 295 Jamal Lewis
60%
SEA - 266 Shaun Alexander
57%
DAL - 253 Demarco Murray
43%
KC - 259 Jamaal Charles
43%
CIN - 278 Corey Dillon
37%
TB - 251 Doug Martin
30%
DEN - 251 Mike Anderson
27%
NY(Yankees) - 250 Spec Sanders
20%
CLE - 286 Jerome Harrison
17%
No matching quizzes found
Score Distribution
Percent of People with Each Score
Percentile by Number Answered
Your Score History
You have not taken this quiz